Identities involving covering systems 1

Bibliographic Details
Main Author: Porubský, Štefan, 1947- (Author)
Format: Article
Language:Slovak
English
PhysicalDescription:Lit. 12 zázn. v angl., nem.
ISSN:0139-9918
Subjects:

MARC

LEADER 00000nab a2200000 a 4500
001 vtls000527912
003 SK-MaSNL
005 20260304085324.0
008 250425c1994 xo 0 slo
015 |a SNBRB19rr/mm-uuuuu 
035 |a CL0528050 
035 |a urn:nbn:sk:snk-abbonq 
035 |a (urnnbn)urn:nbn:sk:snk:ar-006kck 
035 |a (uuid)225efa1a-57c1-41aa-9082-44b025cf82b3 
040 |a SNKBUCL  |b slo  |c SNKBUCL  |e AACR2 
041 0 |a eng 
044 |a xo  |c SK 
080 |a 511.21  |2 1981 
100 1 |a Porubský, Štefan,  |d 1947-  |4 aut  |9 206889 
245 1 0 |a Identities involving covering systems 1  |c Štefan Porubský 
300 |b Lit. 12 zázn. v angl., nem. 
650 0 7 |a Bernoulliho čísla  |2 snkbucl  |9 53564 
650 0 7 |a Bernoulliho polynómy  |2 snkbucl  |9 214628 
650 0 7 |a kongruencie  |2 snkbucl  |9 922996 
655 7 |a články z novín a časopisov  |2 snkbucl  |9 267496 
773 0 |t Mathematica slovaca  |g Roč. 44, č. 2 (1994), s. 153-162  |x 0139-9918 
850 |a Slovenská národná knižnica 
852 |a Slovenská národná knižnica 
958 |a article15 
958 |a NB 
958 |a RK 
958 |a OND 
958 |a EUIPO 
992 |a RBX 
999 |c 2807516  |d 2809446